000 00723nam a22002417a 4500
003 UA-OsUOA
001 110705
007 ta
008 20150331b un ||||| |||| 00| 0 ukr d
100 _aКравець Я.
090 _a82.09(4)
_bК78
942 _cBK
040 _aUA-OsUOA
_bukr
_cUA-OsUOA
_dUA-OsUOA
245 _a"Quae scripsi, scripsi": романські літератури у рецепції Івана Франка
300 _a230 с.
955 _a2
041 _aukr
080 _a82.09(4)
020 _a978-617-10-0018-3
260 _aЛьвів
_bЛНУ ім. Івана Франка
_c2014
650 7 _a82 Література. Літературознавство
_2UDC
999 _c396801
_d396801